000 00364nab a22001097u 4500
008 130520b1988 xxu||||| |||| 00| 0 spa d
041 _aspa
100 1 _aRowland, Christopher
_947739
245 0 0 _aMantener viva la peligrosa visión de un mundo en paz y justicia
_cChristopher Rowland
773 0 _tConcilium
_gV.2,1988,págs.429-442
_x0210-1041
_wRev134
942 _cAR
999 _c355431
_d355431